La Colección precolombina de la Biblioteca-Museo Balaguer / Carlos Cid Priego
Descripción Física:
16 p. : il. ; 24 cm
Materias:
Art precolombí
MARC
| LEADER | 00000nam a2200000Ia 4500 | ||
|---|---|---|---|
| 001 | 17560 | ||
| 008 | 160829s1955 xx 000 0 cat d | ||
| 080 | |a FU-2-33 | ||
| 100 | |a Cid Priego, Carlos |9 19791 | ||
| 245 | |a La Colección precolombina de la Biblioteca-Museo Balaguer / Carlos Cid Priego | ||
| 260 | |a Villanueva y Geltrú : |b [s.n.], |c 1955 | ||
| 300 | |a 16 p. : |b il. ; |c 24 cm | ||
| 590 | |a Separata del Boletín de la Biblioteca-Museo Balaguer, núm. III, 1955, pàgines 3-16. | ||
| 590 | |a Prové de R.168 del currículum per la plaça de conservador del Museu Arqueològic, 1957 | ||
| 650 | |a Art precolombí |9 46599 | ||
| 856 | 4 | |u https://media.diba.cat/diba/fitxers/arxiu/fulletons/bib_17560_baixa.pdf |y Accés lliure | |
| 856 | 4 | |u https://media.diba.cat/diba/fitxers/arxiu/fulletons/bib_17560_baixa.pdf |y Accés lliure | |
| 901 | |a Arxiu | ||
| 942 | |n 1 |2 udc | ||
| 952 | |0 0 |1 0 |4 0 |6 FU233 |7 1 |9 53305 |a Arxiu |b Arxiu |d 2016-12-01 |l 0 |o FU-2-33 |p 17560 |r 2016-12-01 00:00:00 |w 2016-12-01 |y ARXIU | ||
| 999 | |c 57169 |d 57169 | ||
| 900 | |a bib_17560_baixa.pdf | ||